| 000 | 00402nam a2200181Ia 4500 | ||
|---|---|---|---|
| 005 | 20240823060234.0 | ||
| 008 | 240823s9999||||xx |||||||||||||| ||und|| | ||
| 041 | _aENGLISH | ||
| 082 | _A349.54 P6 | ||
| 100 | _aKhera R C | ||
| 245 | 0 | _aCentral Civil Acts | |
| 250 | _a1st | ||
| 260 |
_c2006 _bAllied Book Co |
||
| 500 | _aYES | ||
| 650 |
_aCivil Act _bGeneral |
||
| 942 | _cBK | ||
| 999 |
_c230657 _d230657 |
||